000 03176nam a2200325Ia 4500
008 130821s2000 xxua gs spa
040 _aCo-BoUCM
_bspa
041 0 0 _aspa
092 _aDVD 0579
245 0 3 _aEl secreto de Joe Gould cada vida es una obra por escribir
_c[DVD]
_c[dirigida por] Stanley Tucci
260 _aWashington D.C. (Estados Unidos)
_bOctober Films
_c2000
300 _a1 DVD
_bson., color
500 _aBasada en las novelas "Professor Seagull" y "El secreto de Joe Gould", de Joseph Mitchell.
500 _aSINOPSIS : "El Secreto de Joe Gould" es la historia real de dos hombres, uno de los cuales explica la historia del otro: el famoso escritor del The New Yorker, Joseph Mitchell (Stanley Tucci) y el bohemio de Nueva York, Joe Gould (Ian Holm). Era una época donde los artistas y los escritos se reunían a menudo en una área de la ciudad conocida como Greenwich Village, y una época en la que Joseph Mitchell estaba publicando algunos de sus mejores trabajos. Un día, el escritor de voz suave, conoce a Joe Gould. Nacido en el norte y educado en Harvard, el andrajoso Gould es un erudito de las calles de Nueva York. El trabajo de su vida es la "sHistoria Oral de Nuestro Tiempo", una transcrip-ción de centenares de conversaciones, comentarios, y ensayos so-bre lo que ha visto y oído. "sCada día", escribe Mitchell en The New Yorker, "sincluso cuando sufre una intensa resaca o incluso cuando está débil y apático por el hambre, Joe Gould escribe en libretas escolares." Sin trabajo, Gould depende de las contribuciones de sus amigos y admiradores a la "sFundación Joe Gould". Después de que la historia de Mitchell apareciera publicada en The New Yorker, Gould se convirtió en una pequeña celebridad. A medida que va cambiando la dinámica entre los dos hombres, su relación consu-mirá a Mitchell durante años, ya que se convertirá en el guardián del secreto de Joe Gould.
508 _aDirección, Stanley Tucci ; guión, Howard A. Rodman ; producción : Charles Weinstock, Elizabeth W. Alexander y Stanley Tucci ; música, Evan Lurie ; fotografía, Maryse Alberti ; montaje, Suzy Elmiger.
511 _aIan Holm (Joe Gould), Stanley Tucci (Joe Mitchell), Patricia Clarkson (Vivian Marquie), Hope Davis (Therese Mitchell), Susan Sarandon (Alice Neel), Sarah Hyland (Elizabeth Mitchell), Hallee Hirsh (Nora Mitchell), Celia Weston (Sarah), Patrick Tovatt (Harold Ross), John Tormey (Harry Kolis).
546 _aAudio en Español e Inglés. Subtítulos en Español e Inglés.
650 0 4 _aEntretenimiento
_926487
650 0 4 _aPelículas cinematográficas
_vDVD
_vVersiones cinematográficas
_vDVD
650 0 4 _aPelículas cinematográficas
_zEstados Unidos
_vDVD
_97903
650 0 4 _aPeriodismo
_97909
650 0 4 _aPeriodistas en el cine
_vDVD
_921369
651 4 _aNueva York (Estados Unidos)
_xCondiciones sociales
_d1940
_vDVD
700 1 _aMitchell, Joseph
_d1908-1996
700 1 _aTucci, Stanley
_d1960-
_edir.
710 2 _aOctober Films
765 _tJoe Gould's secret
856 0 4 _uhttps://www.youtube.com/watch?v=0YgwIWMhowE
_zSiga este vínculo para ver el trailer.
942 _cMULTIMEDIA
_2LOCAL
_a24
_e1
999 _c63863
_d63863